Premalekhanam (Record no. 136250)

MARC details
000 -LEADER
fixed length control field 00507nam a22001817a 4500
003 - CONTROL NUMBER IDENTIFIER
control field OSt
005 - DATE AND TIME OF LATEST TRANSACTION
control field 20240822161759.0
008 - FIXED-LENGTH DATA ELEMENTS--GENERAL INFORMATION
fixed length control field 240822b |||||||| |||| 00| 0 eng d
020 ## - INTERNATIONAL STANDARD BOOK NUMBER
International Standard Book Number 9788126436132
040 ## - CATALOGING SOURCE
Transcribing agency SBCL
082 ## - DEWEY DECIMAL CLASSIFICATION NUMBER
Classification number 894.8123
Item number BAS-P
100 ## - MAIN ENTRY--PERSONAL NAME
Personal name Basheer,Vaikom Muhammad
245 ## - TITLE STATEMENT
Title Premalekhanam
260 ## - PUBLICATION, DISTRIBUTION, ETC.
Place of publication, distribution, etc. DC Kizhakemuri
Name of publisher, distributor, etc. DC Books
Date of publication, distribution, etc. 1943
300 ## - PHYSICAL DESCRIPTION
Extent 55p.
650 ## - SUBJECT ADDED ENTRY--TOPICAL TERM
Topical term or geographic name entry element Literatures of other languages
942 ## - ADDED ENTRY ELEMENTS (KOHA)
Koha item type BOOK
650 ## - SUBJECT ADDED ENTRY--TOPICAL TERM
Source of heading or term Literature & rhetoric
Form subdivision Non-Semitic Afro-Asiatic literatures
Holdings
Withdrawn status Lost status Source of classification or shelving scheme Damaged status Not for loan Home library Current library Date acquired Total Checkouts Full call number Barcode Shelving location Date last seen Date last checked out Cost, replacement price Price effective from Koha item type
    Dewey Decimal Classification     SB LIBRARY SB LIBRARY 22/08/2024 6 894.8123 BAS-P 142358 GENERAL STACK 30/01/2026 12/01/2026 90.00 22/08/2024 BOOK

Powered by Koha